<?xml version="1.0" encoding="UTF-8"?>
<record
    xmlns:xsi="http://www.w3.org/2001/XMLSchema-instance"
    xsi:schemaLocation="http://www.loc.gov/MARC21/slim http://www.loc.gov/standards/marcxml/schema/MARC21slim.xsd"
    xmlns="http://www.loc.gov/MARC21/slim">

  <leader>00785nam a22001937a 4500</leader>
  <datafield tag="999" ind1=" " ind2=" ">
    <subfield code="c">175181</subfield>
    <subfield code="d">175181</subfield>
  </datafield>
  <controlfield tag="005">20200814155741.0</controlfield>
  <datafield tag="010" ind1=" " ind2=" ">
    <subfield code="a">B-208941</subfield>
  </datafield>
  <datafield tag="020" ind1=" " ind2=" ">
    <subfield code="c">150.00</subfield>
    <subfield code="a">-</subfield>
  </datafield>
  <datafield tag="035" ind1=" " ind2=" ">
    <subfield code="a">B-208941</subfield>
  </datafield>
  <datafield tag="037" ind1=" " ind2=" ">
    <subfield code="b">BPPD/PUB</subfield>
    <subfield code="a">-</subfield>
  </datafield>
  <datafield tag="082" ind1=" " ind2=" ">
    <subfield code="a">070.4</subfield>
  </datafield>
  <datafield tag="100" ind1=" " ind2=" ">
    <subfield code="a">&#x635;&#x627; &#x644;&#x62D;&#x6C1; &#x639;&#x628;&#x62F; &#x627;&#x644;&#x644;&#x6C1; </subfield>
  </datafield>
  <datafield tag="245" ind1=" " ind2=" ">
    <subfield code="a">&#x627; &#x631; &#x62F; &#x648; &#x635;&#x62D;&#x627; &#x641;&#x62A; &#x645;&#x64A;&#x6BA; &#x627; &#x638;&#x6C1;&#x627; &#x631; &#x648; &#x627; &#x628;&#x644;&#x627; &#x63A; &#x6A9;&#x6D2; &#x645;&#x62E;&#x62A;&#x644;&#x641; &#x67E;&#x64A;&#x631; &#x627; &#x6D3; &#x6A9;&#x627; &#x62A;&#x646;&#x642;&#x64A;&#x62F; &#x6CC; &#x62C;&#x627; &#x64A;&#x632; &#x6C1; </subfield>
    <subfield code="c">&#x635;&#x627; &#x644;&#x62D;&#x6C1; &#x639;&#x628;&#x62F; &#x627;&#x644;&#x644;&#x6C1; </subfield>
  </datafield>
  <datafield tag="246" ind1=" " ind2=" ">
    <subfield code="b">Urdu Sahafat mein Izhar-o-Iblagh ke Mukhtalif Perai Ka Tanqidi Jaiza  (Urdu)</subfield>
    <subfield code="a">by Saleha Abdullah </subfield>
  </datafield>
  <datafield tag="260" ind1=" " ind2=" ">
    <subfield code="a">Delhi</subfield>
    <subfield code="b">Educational publishing House </subfield>
    <subfield code="c">2006 &#x621;</subfield>
  </datafield>
  <datafield tag="270" ind1=" " ind2=" ">
    <subfield code="a">3108,Vakil Street,kucha Pandit,Lal kuan,</subfield>
    <subfield code="b">Delhi</subfield>
    <subfield code="e">110006</subfield>
    <subfield code="k">23216162</subfield>
    <subfield code="l">-</subfield>
  </datafield>
  <datafield tag="300" ind1=" " ind2=" ">
    <subfield code="a">176 &#x635; </subfield>
    <subfield code="c">22 Cm(Hb)</subfield>
  </datafield>
  <datafield tag="942" ind1=" " ind2=" ">
    <subfield code="2">ddc</subfield>
    <subfield code="c">UR</subfield>
    <subfield code="h">070.4</subfield>
    <subfield code="m">&#x635; &#x627; &#x644;  </subfield>
  </datafield>
  <datafield tag="952" ind1=" " ind2=" ">
    <subfield code="0">0</subfield>
    <subfield code="1">0</subfield>
    <subfield code="4">0</subfield>
    <subfield code="7">0</subfield>
    <subfield code="8">NFIC</subfield>
    <subfield code="a">L</subfield>
    <subfield code="b">L</subfield>
    <subfield code="d">2020-08-14</subfield>
    <subfield code="e">BPPD/Ven.</subfield>
    <subfield code="g">150.00</subfield>
    <subfield code="l">0</subfield>
    <subfield code="o">070.4 &#x635; &#x627; &#x644;</subfield>
    <subfield code="p">B-208941</subfield>
    <subfield code="r">2020-08-14 00:00:00</subfield>
    <subfield code="t">1</subfield>
    <subfield code="v">150.00</subfield>
    <subfield code="w">2020-08-14</subfield>
    <subfield code="y">UR</subfield>
  </datafield>
</record>
